000 00353nam a2200157Ia 4500
100 _aKshemkalyani/Ajay D/ Mukhesh Singhal
650 _aDistributed Computing
942 _cBK
366 _f25
245 _aDistributed Computing
260 _bCambridge
_c2008
082 _a4.65
_bKSH
300 _a736
546 _aENGLISH
_cComputers
999 _c35453
_d35453